[Event "AUT-ch U16"]
[Site "Untersiebenbrunn"]
[Date "2012.04.03"]
[Round "4"]
[White "Varga, Johannes"]
[Black "Ofner, Maximilian"]
[Result "1/2-1/2"]
[WhiteElo "1669"]
[BlackElo "1836"]
[PlyCount "154"]
[EventDate "2012.04.01"]
[EventType "swiss"]
[EventRounds "7"]
[EventCountry "AUT"]
[SourceTitle "CBM 147 Extra"]
[Source "ChessBase"]
[SourceDate "2012.04.24"]
[SourceVersion "1"]
[SourceVersionDate "2012.04.24"]
[SourceQuality "1"]

1. d4 d5 2. c4 e6 3. Nf3 Nf6 4. Nc3 Be7 5. Bf4 0-0 6. e3 dxc4 7. Bxc4 b6 8. 0-0 Bb7 9. Qe2 c6 10. Rfd1 Nbd7 11. Ba6 Qc8 12. Bxb7 Qxb7 13. Rac1 Rac8 14. Ne5 Nd5 15. Nxd5 cxd5 16. Qd2 Nf6 17. h3 Rxc1 18. Rxc1 Rc8 19. f3 a5 20. Rc2 Nd7 21. Qc1 Rxc2 22. Qxc2 Bd6 23. Nd3 Bxf4 24. Nxf4 b5 25. Nd3 Nb6 26. b3 h6 27. Kf2 Nd7 28. Qc3 b4 29. Qc2 Nb6 30. Ne5 a4 31. bxa4 Qa7 32. Nc6 Qa8 33. Nxb4 Nxa4 34. Qc6 Qa5 35. Qc8+ Kh7 36. Qc2+ Kg8 37. Nc6 Qa8 38. Ne7+ Kf8 39. Qc8+ Qxc8 40. Nxc8 Ke8 41. Nd6+ Ke7 42. Nb7 Nc3 43. a3 Kd7 44. Na5 Nb1 45. a4 Nc3 46. Nb3 Nxa4 47. Ke2 Kc6 48. Nc1 f6 49. Nd3 Kd6 50. e4 dxe4 51. fxe4 Nc3+ 52. Kf3 g5 53. Nc1 f5 54. exf5 exf5 55. g4 f4 56. Nd3 Kd5 57. Nxf4+ Kxd4 58. Ne2+ Nxe2 59. Kxe2 Ke4 60. Kf2 Kf4 61. Kg2 Ke3 62. Kg3 Ke4 63. h4 Ke3 64. hxg5 hxg5 65. Kg2 Ke4 66. Kg3 Ke3 67. Kg2 Kf4 68. Kh3 Kf3 69. Kh2 Kf4 70. Kh3 Kf3 71. Kh2 Kxg4 72. Kg2 Kf4 73. Kf2 g4 74. Kg2 g3 75. Kg1 Kf3 76. Kf1 g2+ 77. Kg1 Kg3 1/2-1/2

[Event "Vienna-ch U16"]
[Site "Vienna"]
[Date "2011.01.04"]
[Round "5.3"]
[White "Varga, Johannes"]
[Black "Wu, Yu"]
[Result "0-1"]
[WhiteElo "1490"]
[BlackElo "1874"]
[PlyCount "56"]
[EventDate "2011.01.02"]
[EventType "swiss"]
[EventRounds "7"]
[EventCountry "AUT"]
[SourceTitle "EXT 2024"]
[Source "ChessBase"]
[SourceDate "2023.10.10"]
[SourceVersion "1"]
[SourceVersionDate "2023.10.10"]
[SourceQuality "1"]

1. d4 d5 2. c4 c6 3. Nc3 Nf6 4. Bg5 e6 5. Nf3 Be7 6. e3 Nbd7 7. Bd3 dxc4 8. Bxc4 b5 9. Bd3 Bb7 10. 0-0 a6 11. Rc1 0-0 12. Bf4 c5 13. Bg3 Rc8 14. e4 cxd4 15. Nxd4 Nc5 16. e5 Nxd3 17. Qxd3 Nd5 18. a3 Nxc3 19. Rxc3 Rxc3 20. Qxc3 Qd5 21. f3 Rc8 22. Qd2 Bc5 23. Bf2 Rd8 24. Rd1 Qxe5 25. Qa5 Qd6 26. Kf1 e5 27. Bg3 Bxd4 28. Bxe5 Bb6 0-1